000 00757nam a2200229Ia 4500
003 GCL
008 140319s9999 xx 000 0 ara d
040 _aGCL /
_cGCL
082 0 4 _a811.9
_bع د
100 1 _aعلى الجارم
245 1 0 _aديوان على الجارم: الديوان الكامل للشاعر على الجارم ويضم قصائد تنشر للمرة الاولى /
_cعلى الجارم
260 _a[S.N] :
_bدار الشروق ،
_c1990
300 _a595 ص
490 _a
650 0 4 _aالشعر العربى
650 0 4 _aالادب العربى
650 0 4 _aالعصر الحديث
650 0 4 _aدواوين وقصائد
650 0 4 _aعلى الجارم
650 0 4 _aتاريخ ونقد
942 _2ddc
_cBK
999 _c31206
_d31206